LDR 00591naa#a2200169#i#450# 001 EN\\bibl\119529 005 20260418061353.6 011 ## _a2782-4586 100 ## _a20260331b2026####ek#y0engy0150####ca 102 ## _aRU 200 1# _aSustainable development of regional economies and factors that have a determining influence _eJournal article 210 1# _aMoscow _cITBO University _d2026 215 ## _a6 с. 608 ## _aJournal article _2local 675 ## _aТеории. Учения. Основные вопросы. Общие вопросы. 332.01 _z 700 #1 _aNaumova _gOlga Nikolaevna 856 4# _ajomeam.ru _u